000 00845nab a2200265 4500
003 BR-BrBNA
005 20250428164751.0
008 250428b bl.||||| |||| 00| 0 por d
040 _aBR-BrBNA
_bpor
072 _aL01 ; L73 ; L74 ; E16
_b7100
100 _aMorais, Larissa
245 _aAs abelhas sumiram
_bAgronegócios
500 _a2 illus.
650 _aABELHA
650 _aINSETO POLINIZADOR
650 _aMORTALIDADE ANIMAL
650 _aDOENÇA
650 _aINSETICIDA
650 _aAQUECIMENTO GLOBAL
650 _aPRODUÇÃO DE ALIMENTO
650 _aECONOMIA RURAL
773 0 _01706
_9347861
_dSão Paulo-SP Editora Três Ltda - E-mail: luizfsa@revistadinheiro.com.br 2004
_o2025-0362
_tDinheiro Rural (Brazil)
_x1807-3700
_gv. 4(31) p. 48-49; (May 2007)
_wBR2025000871
942 _cANA
999 _c331239
_d331239